Politiciens par citation (lvl 1) - Statistiques

Statistiques générales
  • Ce quiz a été pris 852 fois
  • Le résultat moyen est 12 sur 18
Statistiques - réponses
Hint Réponse % Correct
"C'est de la poudre de perlinpinpin" Emmanuel Macron
99%
"Ils sont là... (dans les campagnes notamment je vais pas vous faire tout le truc)" Marine Le Pen
96%
"c'EsT uN pOiNt De DéTaiL dE l'HiStOiRe (n'est-ce pas ?)" Jean-Marie Le Pen
95%
"You can be do what we want to scooby doo" François Hollande
91%
"La République, c'est moi !" Jean-Luc Mélenchon/le vieux/jonluc
90%
"Mais vous avez tout à fait raison monsieur le premier ministre" François Mitterrand
79%
"You want me to take my plane and go back to France ??" Jacques Chirac
75%
"Je vous ai compris !" Charles de Gaulle
74%
"Mais vous fumez monsieur ???" Nicolas Sarkozy
73%
"Mon cochon préféré ? C'est une petite cochonne, c'est mon épouse" Jean Lassalle
72%
"Debouuuuuuut !" Valérie Pécresse
68%
"HIN (c'est le mot de Richelieu)" Éric Zemmour
66%
Россия никогда не проигрывала холодную войну... потому что холодная война еще не закончилась. Vladimir Poutine
61%
"Vous n'avez pas le monopole du cœur" Valéry Giscard d'Estaing/VGE
54%
"Merci de me redonner une chance.. Es tu dispo dès ce soir ?"/"Calmez-vous ça va bien se passer" Gérald Darmanin
52%
TAISEZ-VOUS Alain Finkielkraut
31%
"L'État c'est moi" Louis XIV
28%
"Qu'ils viennent ces clebs de baptou, sur le Coran, nous les renois et les rebeus on va leur n*quer leurs mères à ces fils de p*tes" Jean Messiah
27%
Aucun quiz correspondant
Distribution des résultats
% des personnes avec chaque résultat
Percentile par nombre de réponses
Votre historique - résultats
Vous n’avez pas pris ce quiz